| 000 | 00899nam a2200265 a 4500 | ||
|---|---|---|---|
| 001 | 45343 | ||
| 003 | BD-RjUL | ||
| 005 | 20211209054011.0 | ||
| 008 | 160725s1999 caua b 001 0 eng | ||
| 020 | _a1559349557 | ||
| 035 | _a(BD-RjUL) 45461 | ||
| 040 |
_aDLC _cDLC _dDLC _dBD-RjU _beng |
||
| 041 | _aeng | ||
| 082 | 0 | 0 |
_a160 _222 _bLAP 1999 |
| 100 | 1 |
_aLayman, C. Stephen _q(Charles Stephen), _d1950- _9138856 |
|
| 245 | 1 | 4 |
_aThe power of logic / _cC. Stephen Layman. |
| 260 |
_aMountain View, Calif. : _bMayfield Pub., _cc1999. |
||
| 300 |
_aix, 566 p. : _bill. ; _c24 cm. |
||
| 504 | _aIncludes bibliographical references and index. | ||
| 650 | 0 |
_aLogic. _9138857 |
|
| 856 | 4 | 2 |
_3Publisher description _uhttp://www.loc.gov/catdir/description/mh024/98013617.html |
| 856 | 4 | 1 |
_3Table of contents _uhttp://www.loc.gov/catdir/toc/mh023/98013617.html |
| 942 |
_2ddc _cBK |
||
| 999 |
_c45343 _d45343 |
||